Quizzes
Events
Quiz Creation
Community
Videos
Private Events
Remove Ads
Sign In
Join for FREE
Feedback
Dark Mode
Quiz Categories
Sports
Geography
Music
Movies
Television
Just For Fun
Miscellaneous
History
Literature
Language
Science
Gaming
Entertainment
Religion
Holiday
For Kids
Quiz Lab
Recent
Popular Today
Quiz Kudos Today
Editor Picks
Curator Picks
Quizzes by...
Day
Popularity
Type
Ratings
Length
Year
Community
Subscriptions
Recent Discussions
Orange Saloon
Badges
Playlists
Quests
Create
Leaderboards
Showdown
Live 5
Trivia Bingo
Activity
Puzzle Library
Sporcle Events
Private Events
Virtual Trivia
Globe League
Become a Host
Pub Owners
SporcleCon
Opinionation
Our Games
Videos
Blog
Mobile Apps
Partnerships
Remove Ads and Go Orange
Feedback
Miscellaneous
Crossword
General Knowledge
Baby Names
Logo
Food
Cars
Numbers
Grab Bag
University
College
Popular
Company
Slogans
Restaurants
Justice
Letter
Miscellaneous
Crossword
General Knowledge
Baby Names
Logo
Food
Cars
Numbers
Grab Bag
University
College
Popular
Company
Slogans
Restaurants
Justice
Letter
Random Quiz
Search Sporcle
×
Quiz Lab
Quiz Lab
Miscellaneous
common
Type in answers that appear in a list
Type in answers that appear in a list
Classic
Best Score? Go Orange.
Most Common Surnames in the Uk Stats
Can you name the Most Common Surnames in the Uk ?
By
chocoflo
20m
51 Questions
1,235 Plays
1,235 Plays
1,235 Plays
Comments
Comments
Give Quiz Kudos
Give Quiz Kudos
-
- Ratings
hide this ad
Replay
Link that replays current quiz
Next Quiz
Link to next quiz in quiz playlist
You Got
0%
They Got
Avg Score
48%
Avg Friend Score
Upgrade to see
Score Distribution
Jump to the score distribution portion of the page
Score
0/51
Timer
20:00
0
Plays Today
% Correct
Smith
98.2%
Jones
93%
Brown
86%
White
78.7%
Johnson
78.1%
Williams
78.1%
Green
77.4%
Davies
64.8%
Taylor
63.9%
Roberts
63.7%
Thomas
63.4%
James
61.1%
Thompson
59%
Wilson
58.3%
Jackson
57.1%
Harris
56.4%
Evans
54.7%
Clark
49.9%
Edwards
48.8%
Harrison
46.6%
Lewis
45.4%
King
44.8%
Hill
44.5%
Adams
44.4%
Robinson
44%
Cooper
43.8%
% Correct
Wood
43.4%
Walker
42.3%
Wright
42.2%
Hall
41.5%
Clarke
41.2%
Phillips
40.6%
Anderson
39.5%
Lee
39.1%
Watson
38.6%
Morris
38.5%
Patel
38.2%
Carter
38.1%
Martin
37.2%
Young
37.2%
Hughes
36.3%
Mitchell
35.1%
Cook
33.7%
Allen
33.4%
Turner
30.3%
Moore
30.1%
Scott
29.6%
Campbell
27%
Morgan
25.5%
Ward
22.3%
Bailey
21.5%
Quiz Playlist
Details
Report
Send in Message
Add To Playlist
Classic:
Type in answers that appear in a list
Last Updated: Feb 16, 2017
Quiz Scoreboard
CHALLENGE
Sign Up to Join the Scoreboard
Show All
Scores
Hide
Comments
May contain spoilers
Recently Published
Presidents Visiting Landmarks
by Hejman
History
7m
An Introduction to Baseball
by treessimontrees
Sports
5m
Movies - When Are They Set?
by FPL_Elf
Movies
5m
More to Explore
Quiz From the Vault
Featured Blog Post
Where Did the Easter Bunny Come From?
hide this ad
You Might Also Like...
Tags
common
Surname
Today's Top Quizzes in Miscellaneous
Browse Miscellaneous
hide this ad
Today's Top Quizzes in common
Browse common
Top Contributed Quizzes in Miscellaneous
1
5-to-1: Fast Food
2
The JOE quick-fire general knowledge quiz: Day 174
3
The JOE quick-fire general knowledge quiz: Day 173
4
The JOE quick-fire general knowledge quiz: Day 172
5
5-to-1: Cocktails
6
Sunday Crossword: Famous Bodies of Water
7
One Thing in Common: United Kingdom II
8
The JOE quick-fire general knowledge quiz: Day 171
9
Named After an Animal - Odd One Out!
10
The JOE quick-fire quiz: Day 170
Explore More
Trending Topics
Disney
NBA
Anime
Marvel
Kpop
Harry Potter
Crossword
The Office
Pokémon
WWE
Soccer
Song
NFL
Puzzle
Country
hide this ad
More By:
chocoflo
Quiz
Plays
Rating
Category
Featured
Created
Most Common Surnames in the Uk
1,235
3.67
Miscellaneous
Feb 19, 2011
Go to Creator's Profile
Score Distribution
Quiz Creator Spotlight
chocoflo
Follow
Send a Message
Quizzes Created
-
Created Quiz Play Count
-
More By This Creator
Popular Quizzes Today
1
Find the US States - No Outlines Minefield
2
Find the Countries of Europe - No Outlines Minefield
3
The Countries of the World
4
Find the US States
5
Popular People in 1961
6
US States
7
Risky Map Clicking: Biggest States A-Z
8
1-10 Letter E Words III
More Miscellaneous Quizzes
Choose One! Company Headquarters
Published
Trending Quizzes
Risky Map Clicking: Least Populous States A-Z
1-10 Letter G Words
1-10 Letter F Words
One Thing in Common: United Kingdom
Risky Map Clicking: Next State Alphabetically
Recently Updated
Leaping Animals
pecheneg
Reality TV Shows (A-Z)
bhenderson79
Rickey Henderson's Hall of Fame Teammates
pecheneg
Champions League XIs: Arsenal
pecheneg
Quick Pick: Celebrities in WWE's Hall of Fame
aduchscher
A-Z Keypad Blitz II
pecheneg
Multiple Oscar Actors
pecheneg
Mystery Phrase Blitz: Oscar 'Best Actors'
pecheneg
F. Scott Fitzgerald Novels
LTH
Pick 3 Villains
ddd62291
Trending Topics
Harry Potter
NBA
Anime
Kpop
Disney
Marvel
Crossword
The Office
NFL
Country
Soccer
Puzzle
WWE
Song
Pokémon
Your Account Isn't Verified!
In order to create a playlist on Sporcle, you need to verify the email address you used during registration. Go to your
Sporcle Settings
to finish the process.
Report this User
Report this user for behavior that violates our
Community Guidelines
.
Details:
Send Report
Go to the Sporcle.com Mobile Site →
Comments